[Event "EU-ch (Women) 24th"]
[Site "Rhodes"]
[Date "2024.04.28"]
[Round "9"]
[White "Zherebtsova, Alexandra"]
[Black "Kirtadze, Anastasia"]
[Result "0-1"]
[WhiteElo "2302"]
[BlackElo "2044"]
[PlyCount "78"]
[EventDate "2024.04.19"]
[EventType "swiss"]
[EventRounds "10"]
[EventCountry "GRE"]
[SourceTitle "CB18_2024"]
[SourceDate "2024.05.01"]
[SourceVersion "1"]
[SourceVersionDate "2024.05.01"]
[SourceQuality "2"]

1. d4 Nf6 2. c4 e6 3. Nc3 Bb4 4. e3 0-0 5. Bd2 c5 6. a3 Bxc3 7. Bxc3 Ne4 8. Ne2 b6 9. d5 d6 10. f3 Nxc3 11. Nxc3 e5 12. Bd3 f5 13. h4 a6 14. Qc2 h6 15. 0-0-0 Bd7 16. Rdg1 b5 17. g4 b4 18. Nb1 bxa3 19. bxa3 e4 20. Be2 exf3 21. Bxf3 fxg4 22. Bxg4 Qe7 23. Qc3 Bxg4 24. Rxg4 Nd7 25. Rg6 Ne5 26. Re6 Qb7 27. Rxd6 Rab8 28. Nd2 Nf3 29. Rf1 Nxd2 30. Rxf8+ Rxf8 31. Kxd2 Rf2+ 32. Ke1 Rh2 33. Qd3 Rh1+ 34. Kf2 Qb2+ 35. Kf3 Rh3+ 36. Ke4 Rxh4+ 37. Kf5 Rh5+ 38. Ke6 Re5+ 39. Kd7 Qb7+ 0-1

[Event "EU-ch (Women) 24th"]
[Site "Rhodes"]
[Date "2024.04.19"]
[Round "1"]
[White "Zherebtsova, Alexandra"]
[Black "Bluebaum, Johanna"]
[Result "1-0"]
[WhiteElo "2302"]
[BlackElo "1977"]
[PlyCount "95"]
[EventDate "2024.04.19"]
[EventType "swiss"]
[EventRounds "10"]
[EventCountry "GRE"]
[SourceTitle "CB18_2024"]
[SourceDate "2024.05.01"]
[SourceVersion "1"]
[SourceVersionDate "2024.05.01"]
[SourceQuality "2"]

1. d4 d5 2. c4 e6 3. Nf3 Nf6 4. g3 Be7 5. Bg2 0-0 6. Qc2 c5 7. dxc5 Bxc5 8. 0-0 Bb6 9. cxd5 exd5 10. Nc3 Nc6 11. Bg5 Be6 12. Rad1 h6 13. Bf4 Rc8 14. Qb1 Qd7 15. e4 d4 16. Na4 Ba5 17. Nc5 Qe7 18. Nxe6 fxe6 19. Ne5 Rfd8 20. Nxc6 bxc6 21. e5 Ne8 22. Qg6 Qf7 23. Qg4 Qf5 24. Qxf5 exf5 25. h4 c5 26. Bh3 g6 27. Bxh6 Nc7 28. g4 Kh7 29. Bg5 Rf8 30. Be7 Rf7 31. Bxc5 Ne6 32. Bxd4 Rc4 33. Be3 f4 34. Bd2 Bc7 35. Bc3 g5 36. h5 f3 37. Rfe1 Ra4 38. Kh2 Bb6 39. Bf1 Rxa2 40. Kg3 Ra4 41. Bd3+ Kg8 42. Bc2 Bxf2+ 43. Kxf2 Rxg4 44. Bb3 Rg2+ 45. Ke3 f2 46. Bxe6 fxe1Q+ 47. Rxe1 Kg7 48. h6+ 1-0

[Event "MNE-ch 76th"]
[Site "Podgorica"]
[Date "2024.02.14"]
[Round "10"]
[White "Zherebtsova, Alexandra"]
[Black "Sukovic, Andrej"]
[Result "1/2-1/2"]
[WhiteElo "2270"]
[BlackElo "2339"]
[PlyCount "105"]
[EventDate "2024.02.06"]
[EventType "swiss"]
[EventRounds "11"]
[EventCountry "MNE"]
[SourceTitle "CB08_2024"]
[SourceDate "2024.02.21"]
[SourceVersion "1"]
[SourceVersionDate "2024.02.21"]
[SourceQuality "1"]

1. d4 Nf6 2. c4 e6 3. Nc3 Bb4 4. e3 0-0 5. Bd2 d6 6. Nf3 Re8 7. a3 Bxc3 8. Bxc3 Ne4 9. Qc2 Nxc3 10. Qxc3 Qe7 11. Rd1 Nd7 12. Be2 e5 13. dxe5 dxe5 14. 0-0 a5 15. b4 axb4 16. axb4 Nf6 17. Ra1 Bg4 18. Rxa8 Rxa8 19. Ra1 Rxa1+ 20. Qxa1 Qxb4 21. Qa8+ Qf8 22. Qxb7 e4 23. Nd4 c5 24. Bxg4 cxd4 25. Bd1 dxe3 26. fxe3 Qd8 27. Be2 g6 28. Qb2 Nd7 29. Qa3 Qf8 30. Qa7 Qd6 31. Qa8+ Kg7 32. Qxe4 Kf8 33. Qd4 Ke7 34. Bf3 Qb4 35. h3 Qb1+ 36. Kh2 Qb8+ 37. Kg1 Qd6 38. Bd5 Qf6 39. c5 Ne5 40. c6 Qd6 41. Qa7+ Kd8 42. Qa8+ Ke7 43. Qb7+ Kd8 44. Qb6+ Ke8 45. Qb5 Ke7 46. Qb3 Qc5 47. Kh2 h5 48. Qb7+ Kd6 49. e4 Nf3+ 50. Kg3 h4+ 51. Kxf3 Qc3+ 52. Ke2 Qc2+ 53. Ke1 1/2-1/2

[Event "MNE-ch 76th"]
[Site "Podgorica"]
[Date "2024.02.13"]
[Round "9"]
[White "Zherebtsova, Alexandra"]
[Black "Koljevic, Nikolina"]
[Result "1-0"]
[WhiteElo "2270"]
[BlackElo "1974"]
[PlyCount "55"]
[EventDate "2024.02.06"]
[EventType "swiss"]
[EventRounds "11"]
[EventCountry "MNE"]
[SourceTitle "CB08_2024"]
[SourceDate "2024.02.21"]
[SourceVersion "1"]
[SourceVersionDate "2024.02.21"]
[SourceQuality "1"]

1. d4 Nf6 2. c4 e6 3. g3 Bb4+ 4. Nd2 0-0 5. Bg2 d6 6. a3 Bxd2+ 7. Qxd2 d5 8. Nf3 b6 9. cxd5 Nxd5 10. Qc2 Bb7 11. Ng5 g6 12. 0-0 Nd7 13. Rd1 a5 14. h4 N7f6 15. e4 Ne7 16. e5 Nfd5 17. Ne4 Kg7 18. Bg5 h6 19. Bf6+ Kh7 20. h5 Qd7 21. g4 Rab8 22. Qd2 Ng8 23. g5 Ngxf6 24. hxg6+ Kxg6 25. gxf6 Kh7 26. Ng5+ Kg6 27. Be4+ Kh5 28. Kg2 1-0

[Event "MNE-ch 76th"]
[Site "Podgorica"]
[Date "2024.02.06"]
[Round "1"]
[White "Zherebtsova, Alexandra"]
[Black "Doderovic, Aleksa"]
[Result "1-0"]
[WhiteElo "2270"]
[BlackElo "1639"]
[PlyCount "77"]
[EventDate "2024.02.06"]
[EventType "swiss"]
[EventRounds "11"]
[EventCountry "MNE"]
[SourceTitle "CB08_2024"]
[SourceDate "2024.02.21"]
[SourceVersion "1"]
[SourceVersionDate "2024.02.21"]
[SourceQuality "1"]

1. d4 Nf6 2. c4 g6 3. Nc3 Bg7 4. e4 d6 5. h3 0-0 6. Bg5 h6 7. Be3 e5 8. d5 Na6 9. Qd2 Nc5 10. f3 a5 11. g4 c6 12. dxc6 bxc6 13. 0-0-0 Qb6 14. Na4 Qb7 15. Nxc5 dxc5 16. Bxc5 Re8 17. Ne2 Be6 18. Nc3 Nd7 19. Bd6 a4 20. Rh2 Nb6 21. c5 Nc4 22. Bxc4 Bxc4 23. h4 h5 24. gxh5 gxh5 25. Rg1 Re6 26. Rhg2 Rg6 27. Rxg6 fxg6 28. Rxg6 Bf7 29. Rg1 Kh7 30. f4 Bh6 31. Bxe5 Qe7 32. Bd6 Qxh4 33. Kb1 Ra7 34. Be5 a3 35. bxa3 Qe7 36. Qd6 Qb7+ 37. Ka1 Rxa3 38. Qf6 Ra8 39. Qf5+ 1-0

[Event "Belgrade Radnicki IM 12"]
[Site "Belgrade"]
[Date "2023.12.09"]
[Round "6"]
[White "Zherebtsova, Alexandra"]
[Black "Svicevic, Rastko"]
[Result "1-0"]
[WhiteElo "2163"]
[BlackElo "2144"]
[PlyCount "41"]
[EventDate "2023.12.04"]
[EventType "tourn"]
[EventRounds "9"]
[EventCountry "SRB"]
[SourceTitle "CB51_2023"]
[SourceDate "2023.12.20"]
[SourceVersion "1"]
[SourceVersionDate "2023.12.20"]
[SourceQuality "1"]

1. d4 d5 2. c4 e6 3. Nc3 f5 4. Bf4 c6 5. e3 Nf6 6. Nf3 Be7 7. h3 Ne4 8. g4 Qa5 9. Rc1 Nd7 10. gxf5 Ndf6 11. Rg1 0-0 12. Bh6 Ne8 13. Bd3 Kh8 14. Bxe4 dxe4 15. Ne5 gxh6 16. Qh5 Ng7 17. Nf7+ Kg8 18. Nxh6+ Kh8 19. f6 Nxh5 20. Rg8+ Rxg8 21. Nf7# 1-0

[Event "Belgrade Radnicki IM 12"]
[Site "Belgrade"]
[Date "2023.12.07"]
[Round "4"]
[White "Zherebtsova, Alexandra"]
[Black "Saypuri, Srithan"]
[Result "1/2-1/2"]
[WhiteElo "2163"]
[BlackElo "2145"]
[PlyCount "39"]
[EventDate "2023.12.04"]
[EventType "tourn"]
[EventRounds "9"]
[EventCountry "SRB"]
[SourceTitle "CB51_2023"]
[SourceDate "2023.12.20"]
[SourceVersion "1"]
[SourceVersionDate "2023.12.20"]
[SourceQuality "1"]

1. d4 Nf6 2. c4 e6 3. Nc3 d5 4. cxd5 exd5 5. Bg5 c6 6. e3 Be7 7. Bd3 Nbd7 8. Nf3 Ne4 9. Bxe7 Qxe7 10. Qc2 f5 11. 0-0 0-0 12. Rfe1 Ndf6 13. Ne5 Nd7 14. Nxd7 Bxd7 15. Rac1 Qf6 16. Na4 Rac8 17. b4 a6 18. f4 g5 19. Bxe4 fxe4 20. Nc5 1/2-1/2

[Event "Titled Tuesday intern op 26th Sep Early"]
[Site "Chess.com INT"]
[Date "2023.09.26"]
[Round "11"]
[White "Mikhaylova, Irina"]
[Black "Zherebtsova, Alexandra"]
[Result "1/2-1/2"]
[WhiteElo "2216"]
[BlackElo "2163"]
[PlyCount "181"]
[EventDate "2023.09.26"]
[EventType "swiss (blitz)"]
[EventRounds "11"]
[EventCountry "USA"]
[SourceTitle "EXT 2024"]
[Source "ChessBase"]
[SourceDate "2023.10.10"]
[SourceVersion "1"]
[SourceVersionDate "2023.10.10"]
[SourceQuality "1"]

1. d4 Nf6 2. Nf3 c5 3. c4 cxd4 4. Nxd4 e5 5. Nf3 Nc6 6. g3 Bc5 7. Bg2 0-0 8. 0-0 h6 9. Nc3 a6 10. a3 d6 11. b4 Ba7 12. Bb2 Be6 13. Nd5 Bxd5 14. cxd5 Ne7 15. Nd2 Rc8 16. Nb3 Qb6 17. Qd2 Ng4 18. e3 f5 19. Rac1 Nf6 20. Kh1 Qb5 21. Rfd1 Ne4 22. Qe1 Nxd5 23. Na5 Ndf6 24. Bf1 Qb6 25. Nc4 Qd8 26. f3 Ng5 27. Nxd6 Rxc1 28. Bxc1 Nxf3 29. Qf2 e4 30. Be2 Qe7 31. Nxf5 Qe5 32. Nd4 Nxd4 33. exd4 Qe7 34. Be3 Nd5 35. Bc4 Rd8 36. Qf5 Qf7 37. Bxd5 Qxd5 38. Qxd5+ Rxd5 39. Kg2 Kf7 40. Rd2 Ke6 41. g4 h5 42. Kg3 hxg4 43. Kxg4 g6 44. h4 b5 45. Kf4 Bb8+ 46. Kxe4 Rh5 47. Bg5 Kd7 48. d5 Bd6 49. Rf2 Rh7 50. Rf6 Rg7 51. Re6 Rg8 52. Kd4 Rg7 53. Bf6 Rg8 54. Bg5 Rg7 55. Kd3 Rg8 56. Ke2 Rg7 57. Kf3 Rf7+ 58. Kg4 Rg7 59. h5 gxh5+ 60. Kxh5 Rh7+ 61. Kg6 Rh3 62. Rf6 Rd3 63. Rf7+ Ke8 64. Rf5 Kd7 65. Rf7+ Ke8 66. Rf5 Kd7 67. Kf6 Be7+ 68. Kg6 Bxg5 69. Rxg5 Kd6 70. Kf7 Rxd5 71. Rg6+ Ke5 72. Rxa6 Kd4 73. Ra5 Kc4 74. Ke6 Rd3 75. Ke5 Re3+ 76. Kf4 Re6 77. Kf5 Re2 78. Ra8 Re3 79. Kf4 Re7 80. Kf5 Re3 81. Kf6 Kb3 82. Ra5 Kc4 83. Ra8 Re2 84. Kf5 Re1 85. Kf4 Re2 86. Kf3 Re7 87. Ra5 Re6 88. Ra8 Re7 89. Kf4 Re6 90. Kg5 Re2 91. Kf5 1/2-1/2

[Event "Titled Tuesday intern op 26th Sep Early"]
[Site "Chess.com INT"]
[Date "2023.09.26"]
[Round "1"]
[White "Nagy, Gabor"]
[Black "Zherebtsova, Alexandra"]
[Result "1/2-1/2"]
[WhiteElo "2448"]
[BlackElo "2163"]
[PlyCount "231"]
[EventDate "2023.09.26"]
[EventType "swiss (blitz)"]
[EventRounds "11"]
[EventCountry "USA"]
[SourceTitle "EXT 2024"]
[Source "ChessBase"]
[SourceDate "2023.10.10"]
[SourceVersion "1"]
[SourceVersionDate "2023.10.10"]
[SourceQuality "1"]

1. e4 e5 2. Nf3 Nc6 3. Bb5 a6 4. Ba4 Nf6 5. d4 exd4 6. e5 Ne4 7. Bb3 d5 8. Nxd4 Bc5 9. Be3 Nxe5 10. 0-0 Ng4 11. Nc3 Qh4 12. Nf3 Nxe3 13. Qe2 Nxc3 14. bxc3 Qh6 15. Rfe1 0-0 16. fxe3 c6 17. c4 Bg4 18. cxd5 Rae8 19. Kh1 Rxe3 20. Qf1 Bxf3 21. gxf3 Rfe8 22. Rxe3 Qxe3 23. dxc6 bxc6 24. Rd1 h6 25. Rd7 Kh8 26. Bxf7 Rb8 27. Bb3 Rf8 28. Rd3 Qf4 29. Rc3 Bb4 30. Rc4 Qd6 31. Qd3 Qe6 32. Re4 Qd6 33. Qxd6 Bxd6 34. Re6 Rd8 35. Kg2 Kh7 36. Bc4 a5 37. Bd3+ Kg8 38. Bg6 Kf8 39. h4 c5 40. h5 Be7 41. Kh3 Rd6 42. Re4 Rb6 43. Ra4 Bd8 44. Rxa5 Rxg6 45. Ra8 Rd6 46. a4 Ke7 47. a5 Rd7 48. a6 Bb6 49. Rb8 Ba7 50. Rg8 Kf6 51. Kg4 Rf7 52. f4 c4 53. Rc8 c3 54. Rxc3 Bd4 55. Rc6+ Ke7 56. c3 Bf6 57. a7 Rf8 58. Rc7+ Ke6 59. Rb7 Ra8 60. c4 Be7 61. f5+ Kf7 62. Rc7 Kf8 63. c5 Bxc5 64. Rxc5 Rxa7 65. Rc8+ Kf7 66. Rc4 Kf8 67. Rd4 Kf7 68. Rb4 Rc7 69. Kf4 Rd7 70. Ke5 Re7+ 71. Kd6 Ra7 72. Ke5 Re7+ 73. Kf4 Ra7 74. Rc4 Rd7 75. Kg4 Rb7 76. Ra4 Rd7 77. Rf4 Rb7 78. Rc4 Rd7 79. Kf4 Rb7 80. Ke5 Re7+ 81. Kf4 Rb7 82. Ra4 Rc7 83. Ke5 Re7+ 84. Kf4 Rc7 85. Ra6 Rd7 86. Rb6 Rc7 87. Ke5 Re7+ 88. Kf4 Rc7 89. Ra6 Rd7 90. Ke5 Rc7 91. f6 gxf6+ 92. Rxf6+ Kg7 93. Ra6 Kh7 94. Kf6 Rb7 95. Re6 Rc7 96. Kf5 Rb7 97. Rd6 Rc7 98. Kf6 Rb7 99. Rc6 Ra7 100. Rb6 Rc7 101. Re6 Rb7 102. Re7+ Rxe7 103. Kxe7 Kh8 104. Ke6 Kh7 105. Kf5 Kh8 106. Kf6 Kh7 107. Kf7 Kh8 108. Kg6 Kg8 109. Kxh6 Kh8 110. Kg5 Kh7 111. h6 Kh8 112. Kh5 Kh7 113. Kg5 Kh8 114. Kg6 Kg8 115. Kf5 Kh7 116. Kg5 1/2-1/2

[Event "Titled Tuesday intern op 26th Sep Early"]
[Site "Chess.com INT"]
[Date "2023.09.26"]
[Round "9"]
[White "Nakhbayeva, Guliskhan"]
[Black "Zherebtsova, Alexandra"]
[Result "1/2-1/2"]
[WhiteElo "2326"]
[BlackElo "2163"]
[PlyCount "90"]
[EventDate "2023.09.26"]
[EventType "swiss (blitz)"]
[EventRounds "11"]
[EventCountry "USA"]
[SourceTitle "EXT 2024"]
[Source "ChessBase"]
[SourceDate "2023.10.10"]
[SourceVersion "1"]
[SourceVersionDate "2023.10.10"]
[SourceQuality "1"]

1. d4 Nf6 2. Nf3 d5 3. c4 e6 4. g3 g6 5. Bg2 Bg7 6. 0-0 0-0 7. Qc2 Nc6 8. Rd1 Qe7 9. b3 Ne4 10. Ba3 Nb4 11. Qb2 a5 12. Nc3 Nxc3 13. Qxc3 c5 14. cxd5 exd5 15. e3 Bg4 16. Qd2 cxd4 17. exd4 Rfc8 18. Re1 Be6 19. Rac1 Rxc1 20. Rxc1 Rc8 21. Rxc8+ Bxc8 22. Ne1 Bf5 23. Bxb4 axb4 24. Bxd5 Qd7 25. Bg2 Qxd4 26. Qxd4 Bxd4 27. Bxb7 Bb1 28. Bd5 Bxa2 29. Nd3 Bc3 30. Kf1 Bb1 31. Ke2 Bxd3+ 32. Kxd3 Kg7 33. f4 f6 34. Bc4 g5 35. fxg5 fxg5 36. Ke4 h6 37. h3 Bd2 38. Kf5 Bc3 39. h4 gxh4 40. gxh4 Be1 41. h5 Bc3 42. Bd5 Bd2 43. Bc4 Bc3 44. Bd5 Bd2 45. Bc4 Bc3 1/2-1/2

[Event "Titled Tuesday intern op 12th Sep Early"]
[Site "Chess.com INT"]
[Date "2023.09.12"]
[Round "9"]
[White "Van Baar, Esper"]
[Black "Zherebtsova, Alexandra"]
[Result "0-1"]
[WhiteElo "2176"]
[BlackElo "2163"]
[PlyCount "110"]
[EventDate "2023.09.12"]
[EventType "swiss (blitz)"]
[EventRounds "11"]
[EventCountry "USA"]
[SourceTitle "EXT 2024"]
[Source "ChessBase"]
[SourceDate "2023.10.10"]
[SourceVersion "1"]
[SourceVersionDate "2023.10.10"]
[SourceQuality "1"]

1. e4 e5 2. Nf3 Nc6 3. Bb5 a6 4. Ba4 Nf6 5. d3 d6 6. c4 g6 7. Nc3 Bg7 8. 0-0 0-0 9. h3 Nd7 10. Nd5 a5 11. Be3 Nd4 12. Rc1 Nc5 13. Nc3 h6 14. Bxd4 exd4 15. Ne2 Ne6 16. a3 c5 17. Rb1 f5 18. exf5 Rxf5 19. Ng3 Rf7 20. Ne4 Nf4 21. Ng3 Qf8 22. Nh2 Be5 23. Ng4 Bg7 24. Qd2 h5 25. Nh2 Be5 26. Ne2 Nxh3+ 27. gxh3 Bxh3 28. Ng3 Bf4 29. Qe2 Qh6 30. Ne4 Be5 31. f4 Rxf4 32. Rxf4 Qxf4 33. Qf2 Qxf2+ 34. Kxf2 Bxh2 35. Rh1 Rf8+ 36. Ke1 Bg2 37. Rxh2 Bxe4 38. dxe4 Rf4 39. Re2 h4 40. Bc2 g5 41. Rf2 Rg4 42. Kf1 Kg7 43. Rg2 Rxg2 44. Kxg2 Kf6 45. Bd1 Ke5 46. Kf3 g4+ 47. Kxg4 Kxe4 48. Kxh4 Kd3 49. Bf3 Kxc4 50. Bxb7 Kb3 51. Bd5+ Kxb2 52. Kg3 Kxa3 53. Kf2 Kb2 54. Ke1 a4 55. Kd2 a3 0-1

[Event "Titled Tuesday intern op 12th Sep Late"]
[Site "Chess.com INT"]
[Date "2023.09.12"]
[Round "9"]
[White "Zherebtsova, Alexandra"]
[Black "Pironti, Francisco Ferrari"]
[Result "1/2-1/2"]
[WhiteElo "2163"]
[BlackElo "1947"]
[PlyCount "118"]
[EventDate "2023.09.12"]
[EventType "swiss (blitz)"]
[EventRounds "11"]
[EventCountry "USA"]
[SourceTitle "EXT 2024"]
[Source "ChessBase"]
[SourceDate "2023.10.10"]
[SourceVersion "1"]
[SourceVersionDate "2023.10.10"]
[SourceQuality "1"]

1. d4 Nf6 2. c4 g6 3. Nc3 Bg7 4. e4 0-0 5. Nf3 d6 6. h3 e5 7. d5 a5 8. Be3 Na6 9. g4 Nc5 10. Nd2 c6 11. Qc2 Bd7 12. 0-0-0 a4 13. Bxc5 dxc5 14. Kb1 Qa5 15. dxc6 Bxc6 16. Be2 Rfd8 17. f3 Rd4 18. Nf1 Rad8 19. Ne3 Bh6 20. Ned5 Nxd5 21. Nxd5 Bxd5 22. exd5 b5 23. cxb5 R8xd5 24. Rxd4 Rxd4 25. Rd1 a3 26. Rxd4 exd4 27. bxa3 Qxa3 28. Bc4 Qb4+ 29. Bb3 Qxb5 30. Qc4 Qxc4 31. Bxc4 Kf8 32. Kc2 Ke7 33. Kd3 Bf4 34. a4 Bc7 35. Ke4 Kd6 36. Bxf7 Ba5 37. Bg8 h6 38. h4 Be1 39. h5 g5 40. Bc4 Ba5 41. f4 gxf4 42. Kxf4 Bd2+ 43. Ke4 Bg5 44. a5 Bd8 45. a6 Bb6 46. Kf5 Kc7 47. Kg6 Kb8 48. Kxh6 Ka7 49. Kg6 d3 50. Bxd3 c4 51. Bxc4 Be3 52. h6 Bd4 53. h7 Kb6 54. Kf7 Ka7 55. g5 Kb6 56. g6 Ka7 57. g7 Kb6 58. Bd3 Ka5 59. g8Q Kb4 1/2-1/2

[Event "Belgrade Radnicki IM 07"]
[Site "Belgrade"]
[Date "2023.08.02"]
[Round "8"]
[White "Zherebtsova, Alexandra"]
[Black "Alivodic, Dario"]
[Result "1-0"]
[WhiteElo "2152"]
[BlackElo "2267"]
[PlyCount "38"]
[EventDate "2023.07.26"]
[EventType "schev"]
[EventRounds "9"]
[EventCountry "SRB"]
[SourceTitle "CBM 215 Extra"]
[Source "ChessBase"]
[SourceDate "2023.09.30"]
[SourceVersion "1"]
[SourceVersionDate "2023.09.30"]
[SourceQuality "1"]

1. d4 d5 2. c4 e6 3. Nc3 f5 4. g3 Nf6 5. Bg2 c6 6. Nf3 Bd6 7. Qc2 0-0 8. 0-0 b6 9. Ne5 Qc7 10. Bf4 Ne4 11. Rac1 Nxc3 12. Qxc3 Qd8 13. b4 Bxe5 14. Bxe5 Ba6 15. b5 Bb7 16. cxd5 exd5 17. Bxb8 Rxb8 18. bxc6 Rc8 19. Qb3 Ba6 1-0

[Event "Belgrade Radnicki IM 07"]
[Site "Belgrade"]
[Date "2023.08.01"]
[Round "7"]
[White "Milosevic, Milos"]
[Black "Zherebtsova, Alexandra"]
[Result "1-0"]
[WhiteElo "2417"]
[BlackElo "2152"]
[PlyCount "63"]
[EventDate "2023.07.26"]
[EventType "schev"]
[EventRounds "9"]
[EventCountry "SRB"]
[SourceTitle "CBM 215 Extra"]
[Source "ChessBase"]
[SourceDate "2023.09.30"]
[SourceVersion "1"]
[SourceVersionDate "2023.09.30"]
[SourceQuality "1"]

1. e4 c5 2. Nf3 Nc6 3. Bb5 g6 4. Bxc6 dxc6 5. d3 Bg7 6. Nc3 c4 7. 0-0 cxd3 8. cxd3 Nf6 9. h3 0-0 10. Be3 Qa5 11. Qc2 Rd8 12. Rab1 e5 13. b4 Qc7 14. Rfd1 Be6 15. Ng5 Bd7 16. d4 exd4 17. Bxd4 Be8 18. e5 Nd5 19. e6 f6 20. Nf3 Qe7 21. Re1 b6 22. Qb3 Nxc3 23. Bxc3 Rd5 24. a4 Rad8 25. Re2 g5 26. Rbe1 Bh5 27. Re3 Bg6 28. Qc4 R8d6 29. Nd4 c5 30. Nc6 Qc7 31. b5 Be8 32. e7 1-0

[Event "Belgrade Radnicki IM 07"]
[Site "Belgrade"]
[Date "2023.07.31"]
[Round "6"]
[White "Zherebtsova, Alexandra"]
[Black "Mijailovic, Zoran"]
[Result "1/2-1/2"]
[WhiteElo "2152"]
[BlackElo "2322"]
[PlyCount "169"]
[EventDate "2023.07.26"]
[EventType "schev"]
[EventRounds "9"]
[EventCountry "SRB"]
[SourceTitle "CBM 215 Extra"]
[Source "ChessBase"]
[SourceDate "2023.09.30"]
[SourceVersion "1"]
[SourceVersionDate "2023.09.30"]
[SourceQuality "1"]

1. d4 Nf6 2. c4 e6 3. Nf3 Bb4+ 4. Nbd2 b6 5. a3 Bxd2+ 6. Bxd2 Bb7 7. Bg5 d6 8. e3 Nbd7 9. Rc1 Qe7 10. b4 c5 11. Be2 h6 12. Bh4 g5 13. Bg3 Ne4 14. Bd3 Nxg3 15. hxg3 e5 16. dxe5 Nxe5 17. Bf5 Kf8 18. g4 Kg7 19. Qe2 Qf6 20. e4 Rhe8 21. 0-0 Nxg4 22. Rce1 Bc8 23. Nh4 gxh4 24. Qxg4+ Kh8 25. Bxc8 Raxc8 26. b5 Re6 27. Re3 Rg8 28. Qh3 Qg5 29. f4 Qg4 30. Qxg4 Rxg4 31. Kh2 Kg7 32. a4 f5 33. e5 dxe5 34. fxe5 Re4 35. Rd3 R6xe5 36. a5 Rd4 37. Ra3 Rxc4 38. axb6 axb6 39. Ra6 Re6 40. Rxf5 Kg6 41. Rd5 Rf6 42. Rd8 Rb4 43. Kh3 Rxb5 44. Kxh4 Rb4+ 45. Kh3 Rd4 46. Rb8 Rdd6 47. Kh4 Kf5 48. Ra4 Rd4+ 49. g4+ Ke5 50. Ra6 Rg6 51. Kh5 Rdxg4 52. Re8+ Kd4 53. Rd8+ Kc3 54. Rd3+ Kxd3 55. Ra3+ Kc4 56. Rc3+ Kb4 57. Rb3+ Ka4 58. Ra3+ Kb5 59. Ra5+ Kb4 60. Ra4+ Kc3 61. Ra3+ Kd4 62. Rd3+ Ke5 63. Rd5+ Kf6 64. Rd6+ Kg7 65. Rd7+ Kh8 66. Rh7+ Kg8 67. Rh8+ Kf7 68. Rf8+ Ke6 69. Re8+ Kf5 70. Re5+ Kf4 71. Re4+ Kf3 72. Re3+ Kg2 73. Re2+ Kh3 74. Rh2+ Kg3 75. Rg2+ Kf4 76. Rf2+ Ke4 77. Re2+ Kd5 78. Re5+ Kd6 79. Rd5+ Kc7 80. Rd7+ Kc6 81. Rc7+ Kb5 82. Rxc5+ Ka6 83. Ra5+ Kb7 84. Ra7+ Kc6 85. Rc7+ 1/2-1/2

[Event "Belgrade Serbia op"]
[Site "Belgrade"]
[Date "2023.07.18"]
[Round "3"]
[White "Zherebtsova, Alexandra"]
[Black "Krassel, Timofei"]
[Result "1/2-1/2"]
[WhiteElo "2152"]
[BlackElo "1923"]
[PlyCount "57"]
[EventDate "2023.07.16"]
[EventType "swiss"]
[EventRounds "9"]
[EventCountry "SRB"]
[SourceTitle "CBM 215 Extra"]
[Source "ChessBase"]
[SourceDate "2023.09.30"]
[SourceVersion "1"]
[SourceVersionDate "2023.09.30"]
[SourceQuality "1"]

1. d4 Nf6 2. c4 e6 3. Nc3 d5 4. cxd5 exd5 5. Bg5 Be7 6. e3 h6 7. Bh4 c6 8. Qc2 0-0 9. Bd3 c5 10. dxc5 d4 11. exd4 Qxd4 12. Nf3 Qxc5 13. 0-0 Nc6 14. Bxf6 Bxf6 15. Ne4 Qe7 16. Nxf6+ Qxf6 17. Bh7+ Kh8 18. Be4 Bg4 19. Qa4 b5 20. Qa6 Rac8 21. Rac1 Bxf3 22. Bxf3 Nd4 23. Qxf6 gxf6 24. Bh5 Rfe8 25. Rxc8 Rxc8 26. Rd1 Rc5 27. Bxf7 Kg7 28. Be8 Nc6 29. h3 1/2-1/2

[Event "Belgrade Serbia op"]
[Site "Belgrade"]
[Date "2023.07.17"]
[Round "2"]
[White "Subelj, Jan"]
[Black "Zherebtsova, Alexandra"]
[Result "1-0"]
[WhiteElo "2513"]
[BlackElo "2152"]
[PlyCount "59"]
[EventDate "2023.07.16"]
[EventType "swiss"]
[EventRounds "9"]
[EventCountry "SRB"]
[SourceTitle "CBM 215 Extra"]
[Source "ChessBase"]
[SourceDate "2023.09.30"]
[SourceVersion "1"]
[SourceVersionDate "2023.09.30"]
[SourceQuality "1"]

1. e4 e5 2. Nf3 Nc6 3. Bb5 a6 4. Bxc6 dxc6 5. 0-0 Bg4 6. h3 h5 7. d3 Bxf3 8. Qxf3 Qf6 9. Qe3 Bd6 10. Nd2 Qe7 11. Nc4 Nf6 12. a3 Nd7 13. b4 c5 14. c3 cxb4 15. axb4 b5 16. Nxd6+ Qxd6 17. Qg3 0-0 18. f4 c5 19. Kh1 cxb4 20. cxb4 Rfe8 21. Bb2 Qxb4 22. Rab1 Qe7 23. fxe5 Nxe5 24. Rf5 Ng6 25. Rxh5 b4 26. h4 a5 27. Rg5 a4 28. h5 a3 29. Ba1 a2 30. Rf1 1-0

[Event "Belgrade Serbia op"]
[Site "Belgrade"]
[Date "2023.07.16"]
[Round "1"]
[White "Zherebtsova, Alexandra"]
[Black "Zmijanac, Dusko"]
[Result "1-0"]
[WhiteElo "2152"]
[BlackElo "1973"]
[PlyCount "79"]
[EventDate "2023.07.16"]
[EventType "swiss"]
[EventRounds "9"]
[EventCountry "SRB"]
[SourceTitle "CBM 215 Extra"]
[Source "ChessBase"]
[SourceDate "2023.09.30"]
[SourceVersion "1"]
[SourceVersionDate "2023.09.30"]
[SourceQuality "1"]

1. c4 c6 2. e4 g6 3. d4 Bg7 4. Nc3 d6 5. h3 Nd7 6. Nf3 Qc7 7. Be3 Ngf6 8. Be2 0-0 9. g4 e5 10. d5 a6 11. Rc1 c5 12. Nd2 h6 13. Rg1 g5 14. h4 Nh7 15. Nf1 f6 16. h5 Re8 17. Ng3 Ndf8 18. a3 Bd7 19. b4 b6 20. f3 Reb8 21. Kf2 Be8 22. Qd2 Nd7 23. Nf5 Nhf8 24. Rb1 Bf7 25. Ng3 Rb7 26. Rb3 Rab8 27. Rgb1 Be8 28. Qd3 Nh7 29. R3b2 Nhf8 30. Nf5 Kf7 31. Bd1 b5 32. cxb5 c4 33. Qxc4 Nb6 34. Qxc7+ Rxc7 35. Nxd6+ Kg8 36. Na4 Nfd7 37. Nc5 Bf8 38. Nxe8 Rxe8 39. Nxd7 Nxd7 40. bxa6 1-0

[Event "Titled Tuesday intern op 04th Jul Late"]
[Site "Chess.com INT"]
[Date "2023.07.04"]
[Round "2"]
[White "Bornholdt, Joa Max"]
[Black "Zherebtsova, Alexandra"]
[Result "1-0"]
[WhiteElo "2265"]
[BlackElo "2152"]
[PlyCount "41"]
[EventDate "2023.07.04"]
[EventType "swiss (blitz)"]
[EventRounds "11"]
[EventCountry "USA"]
[SourceTitle "EXT 2024"]
[Source "ChessBase"]
[SourceDate "2023.10.10"]
[SourceVersion "1"]
[SourceVersionDate "2023.10.10"]
[SourceQuality "1"]

1. e4 e5 2. Nf3 Nc6 3. Bc4 Nf6 4. 0-0 Nxe4 5. Nc3 Nxc3 6. dxc3 Be7 7. Qd5 0-0 8. Nxe5 Nxe5 9. Qxe5 c6 10. Re1 Bf6 11. Qg3 d5 12. Bd3 Qb6 13. Rb1 Be6 14. Bf4 c5 15. h4 d4 16. c4 Kh8 17. h5 h6 18. Qf3 Bd7 19. Qe4 g6 20. hxg6 fxg6 21. Qxg6 1-0